| 000 | 00831na a2200277 4500 | ||
|---|---|---|---|
| 001 | 23721 | ||
| 003 | MIRAKIL | ||
| 005 | 20181213155259.0 | ||
| 008 | 171215b tu 000 0 | ||
| 020 | _a9786053990062 | ||
| 040 |
_aMilas _btur _cTR-AnCHP |
||
| 041 | _atur | ||
| 082 |
_a336.09561 _bM87t 2007 |
||
| 090 | _a336.09561 M87t 2007 | ||
| 100 | _aMutluer, M.Kamil | ||
| 245 |
_aTeoride ve uygulamada Kamu maliyesi _cM. Kamil Mutluer, Erdoğan Öner, Ahmet Kesik |
||
| 260 |
_aİstanbul _bİstanbul Bilgi Üniversitesi _c2007 |
||
| 300 |
_axx, 525 s. _btbl. , grf. _c23 sm. |
||
| 440 |
_aİstanbul Bilgi Üniversitesi Yayınları _v185 |
||
| 490 |
_aHukuk _v11 |
||
| 504 | _aKaynakça ve dizin var. | ||
| 650 |
_aKamu maliyesi _xTürkiye |
||
| 700 | _aKesik, Ahmet | ||
| 700 | _aÖner, Erdoğan | ||
| 942 |
_2ddc _cBKS |
||
| 999 |
_c9878 _d9878 |
||